书目信息 |
| 题名: |
我的伯父周恩来
|
|
| 作者: | 周秉德 著 | |
| 分册: | ||
| 出版信息: | 沈阳 辽宁人民出版社 2000.10 |
|
| 页数: | 431页 | |
| 开本: | 32开 | |
| 丛书名: | ||
| 单 册: | ||
| 中图分类: | K827.7 | |
| 科图分类: | ||
| 主题词: | 人物--传记--中国 | |
| 电子资源: | ||
| ISBN: | 7-205-03874-X | |
| 000 | 00543nam0 2200193 45 | |
| 001 | 0011201623 | |
| 005 | 20001120164311.6 | |
| 010 | @a7-205-03874-X@d24.80元 | |
| 100 | @a20001120d2000 km y0chiy0120 ea | |
| 101 | 0 | @achi |
| 105 | @a z 000yy | |
| 200 | 1 | @a我的伯父周恩来@AWo De Bo Fu Zhou En Lai@f周秉德著@FZhou Bing De Zhu |
| 210 | @a沈阳@c辽宁人民出版社@d2000.10 | |
| 215 | @a431页@d32开 | |
| 606 | 0 | @a人物@x传记@x中国 |
| 690 | @aK827.7@v3 | |
| 701 | 0 | @a周秉德@4著 |
| 801 | @aCN@bPftUser@c20001120 | |
| 905 | @b414504@dK827.7@eZH131@f1 | |
| 我的伯父周恩来/周秉德著.-沈阳:辽宁人民出版社,2000.10 |
| 431页;32开 |
| ISBN 7-205-03874-X:24.80元 |
| ● |
| 相关链接 |
|
|
|
正题名:我的伯父周恩来
索取号:K827.7/ZH131
 
预约/预借
| 序号 | 登录号 | 条形码 | 馆藏地/架位号 | 状态 | 备注 |
| 1 | 414504 | 204145040 | 社科库309/309社科库 59排7列5层/ [索取号:K827.7/ZH131] | 在馆 |